First 36 Periodic Table Elements - Statistics

General Stats
  • This quiz has been taken 3,954 times
  • The average score is 32 of 36
Answer Stats
Hint Answer % Correct
Argon Ar
94%
Boron B
94%
Hydrogen H
94%
Potassium K
94%
Sulfur S
94%
Zinc Zn
94%
Nickel Ni
93%
Bromine Br
92%
Helium He
92%
Krypton Kr
92%
Neon Ne
92%
O Oxygen
92%
C Carbon
91%
Cobalt Co
91%
Ga Gallium
91%
Silicon Si
91%
Vanadium V
91%
Fe Iron
90%
Lithium Li
90%
N Nitrogen
90%
Copper Cu
89%
Germanium Ge
89%
Mg Magnesium
89%
Sodium Na
89%
P Phosphorus
89%
Ti Titanium
89%
Al Aluminum
88%
Ca Calcium
88%
Manganese Mn
88%
Be Beryllium
86%
F Fluorine
85%
Na Sodium
85%
Sc Scandium
75%
As Arsenic
74%
Se Selenium
72%
Cr Chromium
71%
No matching quizzes found
Score Distribution
Percent of People with Each Score
Percentile by Number Answered
Your Score History
You have not taken this quiz